[Event "Commonwealth-ch"]
[Site "New Delhi"]
[Date "2007.12.10"]
[Round "10"]
[White "Sai, Kiran JV"]
[Black "Dissanayake, RS."]
[Result "1/2-1/2"]
[WhiteElo "1886"]
[BlackElo "2038"]
[PlyCount "45"]
[EventDate "2007.12.03"]
[EventType "swiss"]
[EventRounds "10"]
[EventCountry "IND"]
[SourceTitle "CBM 121 Extra"]
[Source "ChessBase"]
[SourceDate "2008.01.10"]
[SourceVersion "1"]
[SourceVersionDate "2008.01.10"]
[SourceQuality "1"]

1. e4 d5 2. exd5 Qxd5 3. Nc3 Qa5 4. Nf3 Nf6 5. d4 Bg4 6. Be2 e6 7. 0-0 c6 8. Ne5 Bxe2 9. Qxe2 Be7 10. f4 Na6 11. f5 Nc7 12. Nc4 Qa6 13. Bf4 Nfd5 14. Nxd5 Nxd5 15. Nd6+ Bxd6 16. Qxa6 bxa6 17. Bxd6 0-0-0 18. Ba3 exf5 19. Rxf5 f6 20. Re1 Nc7 21. Rf2 Rhe8 22. Be7 Rd7 23. Rfe2 1/2-1/2

[Event "Commonwealth-ch"]
[Site "New Delhi"]
[Date "2007.12.05"]
[Round "5"]
[White "Vijaya, Kumar AVS"]
[Black "Sai, Kiran JV"]
[Result "1-0"]
[WhiteElo "2110"]
[BlackElo "1886"]
[PlyCount "81"]
[EventDate "2007.12.03"]
[EventType "swiss"]
[EventRounds "10"]
[EventCountry "IND"]
[SourceTitle "CBM 121 Extra"]
[Source "ChessBase"]
[SourceDate "2008.01.10"]
[SourceVersion "1"]
[SourceVersionDate "2008.01.10"]
[SourceQuality "1"]

1. c4 Nf6 2. Nf3 e6 3. Nc3 d5 4. d4 c6 5. Bg5 Be7 6. e3 Nbd7 7. a4 a5 8. Bd3 dxc4 9. Bxc4 Nd5 10. Bxe7 Qxe7 11. e4 Nb4 12. 0-0 0-0 13. Na2 e5 14. dxe5 Nxa2 15. Bxa2 Nxe5 16. Nxe5 Qxe5 17. Qc2 Re8 18. Rad1 Be6 19. f4 Qc7 20. Bxe6 fxe6 21. Qb3 Kh8 22. e5 Re7 23. Rd6 Rae8 24. Rfd1 g6 25. R1d3 Kg7 26. Kf2 Kf7 27. g4 Kg7 28. Kg2 Kh8 29. Kf3 Kg7 30. Ke4 Kf8 31. Rd2 Kg7 32. Qe3 Rf8 33. Qb3 Rfe8 34. h4 h6 35. h5 g5 36. fxg5 hxg5 37. Qe3 Kh6 38. Rf2 Rf7 39. Rxf7 Qxf7 40. Qf3 Qxf3+ 41. Kxf3 1-0